000 01063nam a22002657a 4500
999 _c20633
_d20633
003 AR-CdUCM
008 190531b ||||| |||| 00| 0 spa d
040 _aMUNICIPALIDAD PROVINCIAL DEL CUSCO
_cBIBLIOTECA MUNICIPAL DEL CUSCO
041 _aeng
082 _a301.362 /
_bC72
100 _aCollier, David
_943117
245 _aBarriadas y élites :
_bDe Odría a Velasco /
260 _aLima :
_bInstituto de Estudios Peruanos,
_c1978.
300 _a170 páginas
_bPlano,
_c24 cm.
500 _aTítulo original: Squatters and oligarchs: authoritarian rule and policy change in Peru.
505 _aContenido : Modernización dependiente y cambio político -- Política gubernamental de barriadas en Lima -- El apoyo gubernamental a loa formación de barriadas...
650 _aAsentamientos Humanos
_915307
650 _aPerú
_935
650 _aLima
_9231
650 _aBarriadas
_915308
700 _aLeón de Williams, Leonor (traductora)
_943118
710 _aInstituto de Estudios Peruanos (Lima)
_99759
942 _2ddc
_cLIBROS
945 _aJavier